000 00700nam a2200229 a 4500
001 BRCA_1010
005 20190320203236.0
008 031105s1999----ve-a---###---#000-0#spa-d
020 _a9802598526
041 _aspa
044 _ave
050 4 _aNK2595
_b.C46 1999
245 1 0 _aUn asiento venezolano llamado butaca.
260 _aVenezuela
_bCentro de Arte la Estancia : Acción Cultural PDVSA
_c1999
300 _a80 p.
_bil. (algunas a color)
_c28 cm.
500 _aEjemplar engargolado
500 _aPor política no se presta a domicilio
650 1 4 _aDiseñadores de muebles
_xHistoria
_zVenezuela
_93325
650 1 4 _aButacas
_xHistoria
_zVenezuela
_93326
902 _aeng
942 _2lcc
_cB
999 _c891
_d891